000 00799nam a2200265Ia 4500
003 OSt
005 20220930093153.0
006 a|||||r|||| 00| 0
007 ta
008 220926b |||||||| |||| 00| 0 eng d
024 _a28966
037 _cTheses
040 _aCRL
_cCRL
_beng
041 _2eng
_aeng
100 _aSingh Lakhwant Au.
_9550975
110 _aUniversity of Delhi. Faculty of Arts. Department of Punjabi
_9519628
245 0 _aPunjabi novel de hashiyai parvarchan
_b pathgat adhiyan
260 _c2015
300 _ax,22p.
_ap.
_ccm.
650 _aPUNJABI
700 _a Kaur Jaspal Gu.
_9550976
700 _aUniversity of Delhi. Faculty of Arts. Department of Punjabi
_9519631
942 _cDIS
_2CC
999 _c884922
_d884922